00709 a2200181 4500020001500000020001800015082001200033100002300045245006800068250001200136260003900148300002100187490005400208505017100262700002300433700001700456830005400473 a0780347013 a9780780347014 a537,FRO aWerner, Douglas H.10aFrontiers in electromagnetics /cDouglas H. Werner, Raj Mittra. a1st ed. a[S.l.] :bWiley-IEEE Press,c2000. a814 p. ;c26 cm.1 aIeee press series on rf and microwave technology. aPart 1:- Geometry, Topology, and Grous (Page-1), Optimization and Estimation (Page-329), Part 3:- Analytic Methods (Page-474), Part 5:- Numerical Methods (Page-669). 1 aWerner, Douglas H.1 aMittra, Raj. 0aIeee press series on rf and microwave technology.